<?xml version="1.0" encoding="UTF-8"?><?xml-stylesheet type="text/xsl" href="static/style.xsl"?><OAI-PMH xmlns="http://www.openarchives.org/OAI/2.0/" xmlns:xsi="http://www.w3.org/2001/XMLSchema-instance" xsi:schemaLocation="http://www.openarchives.org/OAI/2.0/ http://www.openarchives.org/OAI/2.0/OAI-PMH.xsd"><responseDate>2026-04-14T03:07:26Z</responseDate><request verb="GetRecord" identifier="oai:www.recercat.cat:2117/134279" metadataPrefix="marc">https://recercat.cat/oai/request</request><GetRecord><record><header><identifier>oai:recercat.cat:2117/134279</identifier><datestamp>2025-07-22T20:47:36Z</datestamp><setSpec>com_2072_1033</setSpec><setSpec>col_2072_452951</setSpec></header><metadata><record xmlns="http://www.loc.gov/MARC21/slim" xmlns:dcterms="http://purl.org/dc/terms/" xmlns:xsi="http://www.w3.org/2001/XMLSchema-instance" xmlns:doc="http://www.lyncode.com/xoai" xsi:schemaLocation="http://www.loc.gov/MARC21/slim http://www.loc.gov/standards/marcxml/schema/MARC21slim.xsd">
   <leader>00925njm 22002777a 4500</leader>
   <datafield ind2=" " ind1=" " tag="042">
      <subfield code="a">dc</subfield>
   </datafield>
   <datafield ind2=" " ind1=" " tag="720">
      <subfield code="a">Alcaide Jacome, Jose Ramón</subfield>
      <subfield code="e">author</subfield>
   </datafield>
   <datafield ind2=" " ind1=" " tag="260">
      <subfield code="c">2004-02</subfield>
   </datafield>
   <datafield ind2=" " ind1=" " tag="520">
      <subfield code="a">L’objectiu principal que vaig buscar a l’hora d’iniciar aquest PFC va ser, per una banda, recopilar i ordenar totes les funcions que per llei son obligació del Coordinador de seguretat i salut en fase d’execució, i per altra banda posar-les a la pràctica tot observant les dificultats que això pot suposar.&#xd;
Es podria considerar aquest treball com una guia útil per a qualsevol Coordinador de seguretat i salut, doncs s’intenta recopilar tant les obligacions com les recomanacions per a portar a terme de manera&#xd;
correcte aquesta tasca que no només es veu afectada per un ampli marc normatiu sinó que aquesta és, en molts punts, una mica confosa o potser no gaire detallada.&#xd;
Crec que és molt important deixar clar que per llei, tant les reformes i obres de poca complexitat com les obres més grans i més complexes (com ara a la que es refereix aquest PFC), contenen la totalitat del procés constructiu i per tant en totes hem d’acomplir els mateixos requeriments en matèria de seguretat i la salut; però tot i que teòricament això és cert, la pràctica no resulta tan senzilla i és per això que la Comissió Nacional de Seguretat i Salut en el Treball va aprovar el 31 de gener de 2001 els “Criteris Generals d’Aplicació del RD.1627/97” a on s’analitzen i distingeixen tres tipologies d’obra: Obres de construcció amb projecte, Obres de construcció sense projecte i Obres eventuals, tot&#xd;
especificant les exigències mínimes que aquestes han d’acomplir precisament basant-se en el volum&#xd;
d’obra i temporalitat d’aquestes.&#xd;
Vist tot això, arribo a la conclusió de que el Coordinador de seguretat disposa d’unes eines, els requeriments normatius de compliment de la seguretat, que ha de saber adaptar per aplicar-les a les seves actuacions i a l’organització de tots els agents que intervenen en el procés constructiu (Promotor, Contracta, Subcontractes, treballadors autònoms).&#xd;
Aquest “saber adaptar” juntament amb un bon tracte o “saber tractar” a la gent que intervé en el procés, és allò que permetrà portar a bon terme l’èxit de la coordinació.</subfield>
   </datafield>
   <datafield tag="653" ind2=" " ind1=" ">
      <subfield code="a">Àrees temàtiques de la UPC::Edificació::Seguretat en la construcció</subfield>
   </datafield>
   <datafield tag="653" ind2=" " ind1=" ">
      <subfield code="a">Industrial safety</subfield>
   </datafield>
   <datafield tag="653" ind2=" " ind1=" ">
      <subfield code="a">Construcció -- Mesures de seguretat</subfield>
   </datafield>
   <datafield ind2="0" ind1="0" tag="245">
      <subfield code="a">El paper de la coordinació i aplicació de la seguretat i salut</subfield>
   </datafield>
   <datafield ind2="0" ind1="0" tag="245">
      <subfield code="a">construcció de 84 habitatges als edificis A2 i A3 de la Via Trajana, Barcelona - Sant Adrià del Besòs</subfield>
   </datafield>
</record></metadata></record></GetRecord></OAI-PMH>